Dvojtisícová obec má knižnicu s internetom

Bibliographic Details
Main Author: (KZ) (Author)
Format: Article
Language:Slovak
PhysicalDescription:1 foto
ISSN:1335-4655
Subjects:

MARC

LEADER 00000nab a2200000 a 4500
001 vtls001020763
003 SK-MaSNL
005 20260304015955.0
008 040720e20030906xo 0 slo
035 |a SN6664 
040 |a SNSK  |b slo  |c SNSK  |e AACR2 
041 0 |a slo 
044 |a xo  |c SK 
080 |a 027.53  |2 1981 
080 |a 681  |2 1981 
100 0 |a (KZ)  |4 aut  |9 839004 
245 1 0 |a Dvojtisícová obec má knižnicu s internetom 
300 |b 1 foto 
650 0 7 |a multimediálne knižnice  |2 SNK  |9 1297322 
651 7 |a Margecany (Slovensko)  |2 SNKPHgeo  |9 43538 
651 7 |a GL,  |2 SNSK  |9 1021384 
655 7 |a periodikum  |2 SNKPH  |9 29553 
773 0 8 |t Nový čas  |g Roč. 13, č.205, 6.9.2003, s. 11  |x 1335-4655 
852 |a ZVYKNI  |b KIS3GCP 
999 |c 2595743  |d 2597673